Spike and the cowboy band / (Record no. 111882)
[ view plain ]
| 000 -LEADER | |
|---|---|
| fixed length control field | 00519nam a2200181 a 4500 |
| 001 - CONTROL NUMBER | |
| control field | 2238 |
| 005 - DATE AND TIME OF LATEST TRANSACTION | |
| control field | 20140414131923.0 |
| 008 - FIXED-LENGTH DATA ELEMENTS--GENERAL INFORMATION | |
| fixed length control field | 001116s19uu xx 00 eng d |
| 020 ## - INTERNATIONAL STANDARD BOOK NUMBER | |
| International Standard Book Number | 0-7105-0680-5 |
| 050 ## - LIBRARY OF CONGRESS CALL NUMBER | |
| Classification number | ER |
| Item number | Sp4 |
| 100 ## - MAIN ENTRY--PERSONAL NAME | |
| Personal name | Patience, John |
| 245 ## - TITLE STATEMENT | |
| Title | Spike and the cowboy band / |
| Statement of responsibility, etc | written and illustrated by John Patience. |
| 260 ## - PUBLICATION, DISTRIBUTION, ETC. (IMPRINT) | |
| Place of publication, distribution, etc | Bridlington, England : |
| Name of publisher, distributor, etc | Peter Haddock. |
| 300 ## - PHYSICAL DESCRIPTION | |
| Extent | p. : ill., col. ; cm. |
| 440 ## - SERIES STATEMENT/ADDED ENTRY--TITLE | |
| Title | Tales from from the Fern Hollow |
| 650 ## - SUBJECT ADDED ENTRY--TOPICAL TERM | |
| Topical term or geographic name as entry element | Folktales. |
| Withdrawn status | Lost status | Damaged status | Use restrictions | Home library | Current library | Shelving location | Date acquired | Source of acquisition | Total Checkouts | Full call number | Barcode | Date last seen | Price effective from | Koha item type |
|---|---|---|---|---|---|---|---|---|---|---|---|---|---|---|
| Munich Library | Munich Library | Easy Reading Section | 05/26/2005 | ER Sp4 | M2800 | 04/14/2014 | 04/14/2014 | Books |